Catálogo

LA ERA DEL TRABAJO EN REDES : (Registro nro. 39187)

Detalles MARC
000 -LEADER
fixed length control field 00982nam a2200241 a 4500
001 - CONTROL NUMBER
control field 39187
005 - DATE AND TIME OF LATEST TRANSACTION
control field 20180714012652.0
008 - FIXED-LENGTH DATA ELEMENTS--GENERAL INFORMATION
fixed length control field 140415s2000 mx 000 0 spa d
020 ## - INTERNATIONAL STANDARD BOOK NUMBER
International Standard Book Number 9706135626
041 ## - LANGUAGE CODE
Language code of text/sound track or separate title spa
082 ## - DEWEY DECIMAL CLASSIFICATION NUMBER
Classification number 658.4063
Item number COR
100 1# - MAIN ENTRY--PERSONAL NAME
Personal name CORTADA, JAMES W.
245 13 - TITLE STATEMENT
Title LA ERA DEL TRABAJO EN REDES :
Remainder of title COMO LO HACEN IBME Y OTRAS COMPAÑIAS
250 ## - EDITION STATEMENT
Edition statement 1a ed.
260 ## - PUBLICATION, DISTRIBUTION, ETC.
Place of publication, distribution, etc. MEXICO :
Name of publisher, distributor, etc. OXFORD UNIVERSITY PRESS MEXICO,
Date of publication, distribution, etc. 2000
300 ## - PHYSICAL DESCRIPTION
Extent 224
Dimensions x 16.5 x 24
520 ## - SUMMARY, ETC.
Summary, etc. ESTE EQUIPO DE IBM, FORMADO POR CONSULTORES EXPERTOS Y GERENTES EN FUNCIONES, PRESENTA UN TESORO DE EXPERIENCIAS UTILES PARA GUIAR A LOS GERENTES EN EL TRANSITO DE SUS COMPAÑIAS HACIA LA ERA DE LA INFORMACION
650 14 - SUBJECT ADDED ENTRY--TOPICAL TERM
Topical term or geographic name entry element ADMINISTRACION POR OBJETIVOS
General subdivision COMPUTADORAS EN LA INDUSTRIA
-- REINGENIERIA
700 1# - ADDED ENTRY--PERSONAL NAME
Personal name MARTÍNEZ VALDÉS, FERNANDO
Relator term tr.
700 1# - ADDED ENTRY--PERSONAL NAME
Personal name ALBRECHT, MICHAEL
Relator term pról.
740 ## - ADDED ENTRY--UNCONTROLLED RELATED/ANALYTICAL TITLE
Uncontrolled related/analytical title INTO THE NETWORKED AGE
700 1# - ADDED ENTRY--PERSONAL NAME
Personal name HARGRAVES, THOMAS S.
Relator term coaut.
Existencias
Withdrawn status Lost status Source of classification or shelving scheme Damaged status Not for loan Collection code Home library Current library Shelving location Date acquired Source of acquisition Inventory number Total Checkouts Full call number Barcode Date last seen Date last checked out Price effective from Koha item type
    Dewey Decimal Classification     General Biblioteca Karol Wojtyla Biblioteca Karol Wojtyla Sala general 03/12/2013 Compra 151000000000000000013957   658.4063 COR 58879 05/01/2026 08/04/2014 03/12/2013 Libro